| 000 | 00518 a2200169 4500 | ||
|---|---|---|---|
| 003 | OSt | ||
| 005 | 20240129132129.0 | ||
| 008 | 240129b |||||||| |||| 00| 0 eng d | ||
| 040 | _coclc | ||
| 082 |
_a320.533 _bISL/F |
||
| 100 |
_aIslam, Shamsul _91743 |
||
| 245 |
_aFascism Vazhiyum Varthamanavum / _cShamsul Islam and Moin Hudawi Malayamma |
||
| 250 | _a1st ed. | ||
| 260 |
_aMalappuram: _bBook Plus Publishers, _c2017. |
||
| 300 | _a96p. | ||
| 942 |
_2ddc _cBK _h320.533 _iISL/F _k320.533 _mISL/F |
||
| 999 |
_c43349 _d43349 |
||